| 000 | 01675cam a22003738i 4500 | ||
|---|---|---|---|
| 001 | 18880978 | ||
| 003 | PILC | ||
| 005 | 20160524094436.0 | ||
| 008 | 151203s2016 mou b 001 0 eng | ||
| 010 | _a 2015047557 | ||
| 020 | _a9780323340830 (pbk. : alk. paper) | ||
| 035 | _a(DNLM)101673048 | ||
| 040 |
_aDNLM/DLC _cDLC _erda |
||
| 042 | _apcc | ||
| 050 | 0 | 0 |
_aRM 300 _b.Sy992 2017 |
| 060 | 1 | 0 | _aQV 748 |
| 082 | 0 | 0 | _a615/.1 |
| 100 | 1 |
_aSnyder, Katherine, _eauthor. |
|
| 245 | 1 | 0 |
_aPharmacology for the surgical technologist / _cKatherine C. Snyder, Chris Keegan. |
| 250 | _a4th edition. | ||
| 260 |
_aMissouri : _bElsevier, _c2017. |
||
| 263 | _a1111 | ||
| 300 |
_axi, 243 pages : _bcolor illustrations ; _c28 cm. |
||
| 500 | _aIncludes bibliographical references and index. | ||
| 505 | 0 | _aBasic pharmacology -- Medication development, regulation, and resources -- Pharmacology mathematics -- Medication administration -- Antibiotics -- Diagnostic agents -- Diuretics -- Hormones -- Medications that affect coagulation -- Ophthalmic agents -- Fluids and irrigation solutions -- Antineoplastic chemotherapy agents -- Preoperative medications -- Patient monitoring and local and regional anesthesia -- General anesthesia -- Emergency situations. | |
| 650 | 1 | 2 |
_aPharmaceutical Preparations _xadministration & dosage. |
| 650 | 2 | 2 |
_aAnesthetics _xadministration & dosage. |
| 650 | 2 | 2 |
_aPerioperative Care _xmethods. |
| 650 | 2 | 2 | _aOperating Room Technicians. |
| 700 | 1 |
_aKeegan, Chris, _eauthor. |
|
| 906 |
_a0 _bvip _corignew _d1 _eecip _f20 _gy-gencatlg |
||
| 942 |
_2lcc _cBK |
||
| 999 |
_c294931 _d294931 |
||